LEADER 00992nam0 2200277 4500 001 000028840 005 20120403100132.0 010 $a0684841460 100 $a20120403d1998----km-y0itay50------ba 101 0 $aeng 102 $aUS 105 $ay-------001yy 200 1 $aCompetitive advantage$ecreating and sustaining superior performance$fMichael E. Porter$ewith a new introduction 210 $aNew York$cFree Press$d1998 215 $axxiv, 557 p.$cill.$d24 cm 300 $aSul verso del front.: First Free Press edition 1985 500 10$aCompetitive advantage : creating and sustaining superior performance$912467 610 1 $aAziende$aGestione 610 1 $aAziende$aCompetitività 676 $a658.8$v21$9Gestione della distribuzione (marketing) 700 1$aPorter,$bMichael E.$4070$05334 801 0$aIT$bUNIPARTHENOPE$c20120403$gRICA$2UNIMARC 912 $a000028840 951 $a658-C/75$b43257$cNAVA1$d2012 996 $aCompetitive advantage$912467 997 $aUNIPARTHENOPE LEADER 01083nam0 22003133i 450 001 UFI0171283 005 20231121125905.0 010 $a0471597171 100 $a20171215d1994 ||||0itac50 ba 101 | $aeng 102 $aus 181 1$6z01$ai $bxxxe 182 1$6z01$an 200 1 $aEthernet networks$edesign, implementation, operation, management$fGilbert Held 210 $aNew York \etc.!$cJ. Wiley$dc1994 215 $aXIV, 354 p.$d24 cm. 225 | $aWiley professional computing 314 $a1943-$9MILV075156 410 0$1001MIL0071523$12001 $aWiley professional computing 700 1$aHeld$b, Gilbert$3MILV075156$4070$027769 790 1$aHeld$b, Gil$3CFIV195663$zHeld, Gilbert 801 3$aIT$bIT-01$c20171215 850 $aIT-FR0099 899 $aBiblioteca Area Ingegneristica$bFR0099 $eN 912 $aUFI0171283 950 0$aBiblioteca Area Ingegneristica$d 54S. L. 004.6 HEL$e 54DII0000032085 VMB RS $fA $h20171215$i20191016 977 $a 54 996 $aEthernet networks$91487904 997 $aUNICAS